[Event "UKR-ch"]
[Site "Alushta"]
[Date "2010.05.09"]
[Round "7"]
[White "Kurochkin, Valery"]
[Black "Shankovsky, Andriy"]
[Result "0-1"]
[WhiteElo "2369"]
[BlackElo "2303"]
[PlyCount "74"]
[EventDate "2010.05.03"]
[EventType "swiss"]
[EventRounds "9"]
[EventCountry "UKR"]
[SourceTitle "CBM 136 Extra"]
[Source "ChessBase"]
[SourceDate "2010.07.02"]
[SourceVersion "2"]
[SourceVersionDate "2010.07.15"]
[SourceQuality "1"]

1. d4 d5 2. Nf3 Nf6 3. c4 dxc4 4. e3 e6 5. Bxc4 a6 6. 0-0 c5 7. Qe2 b5 8. Bb3 Bb7 9. Rd1 Nbd7 10. Nc3 Qc7 11. d5 exd5 12. Nxd5 Nxd5 13. Bxd5 Bxd5 14. Rxd5 Be7 15. e4 0-0 16. Bf4 Qb7 17. Re1 Rfe8 18. Rh5 c4 19. Nd4 Nf6 20. Rg5 Bb4 21. Be5 Rxe5 22. Rxe5 Bxe1 23. Qxe1 Rd8 24. Nf3 Qd7 25. h3 Qd1 26. Qxd1 Rxd1+ 27. Kh2 h6 28. a4 Rb1 29. axb5 axb5 30. Rxb5 c3 31. Nd4 cxb2 32. e5 Ne4 33. Nf3 Nxf2 34. Kg3 Nd3 35. Rb8+ Kh7 36. e6 fxe6 37. Nd4 Re1 0-1

[Event "UKR-ch"]
[Site "Alushta"]
[Date "2010.05.04"]
[Round "2"]
[White "Cherednichenko, Elena"]
[Black "Kurochkin, Valery"]
[Result "1/2-1/2"]
[WhiteElo "2125"]
[BlackElo "2369"]
[PlyCount "97"]
[EventDate "2010.05.03"]
[EventType "swiss"]
[EventRounds "9"]
[EventCountry "UKR"]
[SourceTitle "CBM 136 Extra"]
[Source "ChessBase"]
[SourceDate "2010.07.02"]
[SourceVersion "2"]
[SourceVersionDate "2010.07.15"]
[SourceQuality "1"]

1. d4 d5 2. Nf3 Nf6 3. e3 Bg4 4. c4 dxc4 5. Bxc4 e6 6. Nc3 Nbd7 7. 0-0 Bd6 8. e4 e5 9. Be2 0-0 10. Bg5 h6 11. Bxf6 Qxf6 12. Nxe5 Bxe2 13. Qxe2 Nxe5 14. dxe5 Bxe5 15. Nd5 Qe6 16. f4 Bd6 17. Qf3 Rad8 18. Kh1 c6 19. Nc3 Bc5 20. e5 Bd4 21. Ne4 f5 22. exf6 Bxf6 23. Nxf6+ Qxf6 24. Qb3+ Qf7 25. Qxf7+ Rxf7 26. Rf2 Rfd7 27. g3 Rd2 28. Raf1 Kf7 29. Kg2 c5 30. Rxd2 Rxd2+ 31. Rf2 Rd3 32. Rc2 b6 33. Kf2 Ke6 34. Re2+ Kd5 35. Re5+ Kc4 36. Ke2 Rd7 37. Re4+ Kd5 38. Ke3 b5 39. b3 a5 40. Re5+ Kd6 41. Ke4 Rc7 42. Kd3 Ra7 43. Kc3 Rd7 44. Re8 Kd5 45. Re5+ Kc6 46. Re6+ Kd5 47. Re5+ Kd6 48. Re8 Kd5 49. Re5+ 1/2-1/2

[Event "Poltava op"]
[Site "Poltava"]
[Date "2009.12.09"]
[Round "7"]
[White "Kamenets, Anatolij"]
[Black "Kurochkin, Valery"]
[Result "1-0"]
[WhiteElo "2243"]
[BlackElo "2411"]
[PlyCount "97"]
[EventDate "2009.12.04"]
[EventType "swiss"]
[EventRounds "9"]
[EventCountry "UKR"]
[SourceTitle "CBM 133 Extra"]
[Source "ChessBase"]
[SourceDate "2010.01.05"]
[SourceVersion "1"]
[SourceVersionDate "2010.01.05"]
[SourceQuality "1"]

1. d4 d5 2. c4 e6 3. Nf3 Nf6 4. g3 dxc4 5. Bg2 a6 6. 0-0 Nbd7 7. Qc2 Rb8 8. Qxc4 b5 9. Qc2 Bb7 10. Bd2 c5 11. Nc3 Rc8 12. dxc5 Nxc5 13. Rfd1 b4 14. Be3 Qa5 15. Bxc5 Bxc5 16. Qa4+ Qxa4 17. Nxa4 Ba7 18. Ne5 Bxg2 19. Kxg2 0-0 20. Rac1 g5 21. Nc6 Rc7 22. Nxb4 Rfc8 23. Rd8+ Rxd8 24. Rxc7 Bd4 25. Nc6 Rd6 26. e3 Bxe3 27. fxe3 Rd2+ 28. Kf1 Ng4 29. Ke1 Rxh2 30. Nd4 Nxe3 31. Nf3 Nc2+ 32. Kd1 Ne3+ 33. Kc1 Rh1+ 34. Kd2 Nf1+ 35. Kd3 Nxg3 36. Nxg5 Rf1 37. Nc3 h5 38. b4 h4 39. a4 Rf5 40. b5 axb5 41. axb5 Rxg5 42. b6 h3 43. b7 h2 44. b8Q+ Kg7 45. Rc8 h1Q 46. Rg8+ Kf6 47. Qd8+ Ke5 48. Rxg5+ Kf4 49. Ne2+ 1-0

[Event "Poltava op"]
[Site "Poltava"]
[Date "2009.12.09"]
[Round "6"]
[White "Kurochkin, Valery"]
[Black "Polyakov, Maxim"]
[Result "0-1"]
[WhiteElo "2411"]
[BlackElo "2317"]
[PlyCount "100"]
[EventDate "2009.12.04"]
[EventType "swiss"]
[EventRounds "9"]
[EventCountry "UKR"]
[SourceTitle "CBM 133 Extra"]
[Source "ChessBase"]
[SourceDate "2010.01.05"]
[SourceVersion "1"]
[SourceVersionDate "2010.01.05"]
[SourceQuality "1"]

1. d4 Nf6 2. Nf3 g6 3. c4 Bg7 4. Nc3 d5 5. cxd5 Nxd5 6. e4 Nxc3 7. bxc3 c5 8. Be3 Bg4 9. Be2 Nc6 10. Qb3 Bxf3 11. gxf3 cxd4 12. Qxb7 0-0 13. Rd1 Qa5 14. Qxc6 dxe3 15. fxe3 Qxa2 16. Kf2 a5 17. Ra1 Qb2 18. Qa4 Qxc3 19. Rhc1 Qe5 20. f4 Qe6 21. Ra2 Qh3 22. Rh1 e5 23. Bf3 Qh4+ 24. Ke2 exf4 25. e5 Rae8 26. Qxf4 Qd8 27. Rd1 Qc7 28. e6 Qxf4 29. exf4 Rxe6+ 30. Kf2 Bc3 31. Rc2 Bb4 32. Kg3 Kg7 33. Rd7 Rf6 34. Rc4 Re8 35. Be4 Bd6 36. Bd5 Re3+ 37. Kg2 Rd3 38. Bc6 Rd2+ 39. Kg3 g5 40. Kg4 Bxf4 41. Rxd2 Bxd2 42. Kg3 Bf4+ 43. Kg2 h5 44. h4 g4 45. Ba4 Be3 46. Re4 Bb6 47. Re5 Rf2+ 48. Kh1 f5 49. Bd7 g3 50. Re7+ Kf8 0-1

[Event "Poltava op"]
[Site "Poltava"]
[Date "2009.12.07"]
[Round "4"]
[White "Kurochkin, Valery"]
[Black "Kononenko, Dmitry"]
[Result "0-1"]
[WhiteElo "2411"]
[BlackElo "2563"]
[PlyCount "106"]
[EventDate "2009.12.04"]
[EventType "swiss"]
[EventRounds "9"]
[EventCountry "UKR"]
[SourceTitle "CBM 133 Extra"]
[Source "ChessBase"]
[SourceDate "2010.01.05"]
[SourceVersion "1"]
[SourceVersionDate "2010.01.05"]
[SourceQuality "1"]

1. d4 Nf6 2. c4 c5 3. d5 e6 4. Nc3 exd5 5. cxd5 d6 6. e4 g6 7. h3 Bg7 8. Bd3 0-0 9. Nf3 b5 10. Bxb5 Nxe4 11. Nxe4 Qa5+ 12. Nfd2 Qxb5 13. Nxd6 Qa6 14. N2c4 Nd7 15. 0-0 Ne5 16. Nxe5 Qxd6 17. Nc4 Qa6 18. Qb3 Bd7 19. Bf4 Ba4 20. Qd3 Bb5 21. b3 Bxa1 22. Rxa1 Qf6 23. Be5 Qxe5 24. Nxe5 Bxd3 25. Nxd3 Rad8 26. Nxc5 Rxd5 27. Ne4 Rd4 28. Re1 Kg7 29. Nc3 Rc8 30. Nb5 Rd5 31. Na3 Ra5 32. Nc4 Rxa2 33. g3 Rc5 34. g4 a5 35. Re4 Rc2 36. Nd6 Rc6 37. Rd4 R2c3 38. Nb7 Rf6 39. Nxa5 Rc1+ 40. Kg2 Rc2 41. Kg3 Rfxf2 42. Rd3 g5 43. Nc4 h5 44. gxh5 f5 45. Rd6 Kh7 46. Rg6 f4+ 47. Kg4 Rg2+ 48. Kf5 f3 49. Ke4 f2 50. Rf6 Rg1 51. Kd3 Rxc4 52. bxc4 f1Q+ 53. Rxf1 Rxf1 0-1

[Event "Ilichevsk Sunny Pawn-A"]
[Site "Ilichevsk"]
[Date "2008.07.25"]
[Round "6"]
[White "Kurochkin, Valery"]
[Black "Itkis, Boris"]
[Result "0-1"]
[WhiteElo "2144"]
[BlackElo "2447"]
[PlyCount "102"]
[EventDate "2008.07.20"]
[EventType "tourn"]
[EventRounds "11"]
[EventCountry "UKR"]
[SourceTitle "CBM 125 Extra"]
[Source "ChessBase"]
[SourceDate "2008.09.01"]
[SourceVersion "1"]
[SourceVersionDate "2008.09.01"]
[SourceQuality "1"]

1. d4 d5 2. Nf3 Nf6 3. c4 dxc4 4. e3 e6 5. Bxc4 a6 6. Nc3 b5 7. Bb3 Bb7 8. 0-0 c5 9. Qe2 Nbd7 10. Rd1 Qc7 11. d5 exd5 12. Nxd5 Nxd5 13. Bxd5 Bxd5 14. Rxd5 Be7 15. e4 0-0 16. Bf4 Qb7 17. Bd6 Nf6 18. Bxe7 Qxe7 19. Re5 Qc7 20. a4 Rab8 21. h3 c4 22. Qe3 Rfe8 23. Rxe8+ Rxe8 24. axb5 axb5 25. e5 Nd5 26. Qe4 Ne7 27. Ra8 Rc8 28. e6 h6 29. exf7+ Kxf7 30. Ne5+ Kg8 31. Ng6 Rxa8 32. Qxa8+ Kf7 33. Nh8+ Ke6 34. Qa6+ Qc6 35. Qa3 Nd5 36. Qg3 g5 37. Qg4+ Kd6 38. Nf7+ Kc5 39. Ne5 Qc7 40. Qe4 Qe7 41. Qf5 b4 42. Qc8+ Qc7 43. Qf8+ Kb5 44. Qe8+ Kb6 45. Qe6+ Kc5 46. Nd7+ Kd4 47. Qg4+ Nf4 48. Qd1+ Nd3 49. Qg4+ Qf4 50. Qe6 Qxf2+ 51. Kh2 Qxg2+ 0-1

[Event "Ilichevsk Sunny Pawn-A"]
[Site "Ilichevsk"]
[Date "2008.07.23"]
[Round "4"]
[White "Kurochkin, Valery"]
[Black "Tisevich, Roman"]
[Result "1-0"]
[WhiteElo "2144"]
[BlackElo "2387"]
[PlyCount "99"]
[EventDate "2008.07.20"]
[EventType "tourn"]
[EventRounds "11"]
[EventCountry "UKR"]
[SourceTitle "CBM 125 Extra"]
[Source "ChessBase"]
[SourceDate "2008.09.01"]
[SourceVersion "1"]
[SourceVersionDate "2008.09.01"]
[SourceQuality "1"]

1. d4 Nf6 2. c4 d6 3. Nc3 Bf5 4. g3 e5 5. Bg2 Nc6 6. d5 Nd4 7. e4 Bd7 8. Nge2 Bg4 9. 0-0 Bxe2 10. Nxe2 Nxe2+ 11. Qxe2 Be7 12. Be3 0-0 13. b4 Nd7 14. Bh3 a5 15. a3 b6 16. f3 Re8 17. Rfc1 Nb8 18. c5 bxc5 19. bxc5 Bg5 20. cxd6 Bxe3+ 21. Qxe3 Qxd6 22. Rab1 h5 23. Rb7 Re7 24. Qc5 Qf6 25. Rxc7 Rxc7 26. Qxc7 Na6 27. Qb7 Rb8 28. Rc8+ Rxc8 29. Qxc8+ Kh7 30. Qf5+ Qxf5 31. Bxf5+ Kg8 32. Kf2 Kf8 33. f4 f6 34. Ke3 Ke7 35. fxe5 fxe5 36. Kd3 Kd6 37. Kc4 h4 38. gxh4 Nc5 39. Kb5 a4 40. Bg6 Nb7 41. Kxa4 Kc5 42. Kb3 Nd6 43. a4 Nc4 44. Kc3 Nd6 45. h5 Nc4 46. h3 Nd6 47. Kd3 Kb4 48. Ke3 Kxa4 49. Kf3 Kb4 50. Kg4 1-0

[Event "UKR-ch sf U20"]
[Site "Lvov"]
[Date "2006.12.24"]
[Round "9"]
[White "Podolsky, Anton"]
[Black "Kurochkin, Valery"]
[Result "0-1"]
[WhiteElo "1996"]
[BlackElo "2089"]
[PlyCount "42"]
[EventDate "2006.12.16"]
[EventType "swiss"]
[EventRounds "9"]
[EventCountry "UKR"]
[SourceTitle "EXT 2023"]
[Source "ChessBase"]
[SourceDate "2022.10.05"]
[SourceVersion "1"]
[SourceVersionDate "2022.10.05"]
[SourceQuality "1"]

1. e4 e6 2. d4 d5 3. Nc3 Bb4 4. e5 c5 5. a3 Bxc3+ 6. bxc3 Ne7 7. a4 Qa5 8. Qd2 b6 9. Ba3 Ba6 10. Bb4 cxb4 11. cxb4 Bxf1 12. bxa5 Bxg2 13. f3 Bxh1 14. Kf2 Nbc6 15. Ne2 Bxf3 16. Kxf3 Nxa5 17. Rg1 Nc4 18. Qf4 Ng6 19. Qg4 Ncxe5+ 20. dxe5 Nxe5+ 21. Kf4 Nxg4 0-1

[Event "UKR-ch sf U20"]
[Site "Lvov"]
[Date "2006.12.22"]
[Round "7"]
[White "Kurochkin, Valery"]
[Black "Kononenko, Dmitry1111"]
[Result "1-0"]
[WhiteElo "2089"]
[BlackElo "2246"]
[PlyCount "79"]
[EventDate "2006.12.16"]
[EventType "swiss"]
[EventRounds "9"]
[EventCountry "UKR"]
[SourceTitle "EXT 2023"]
[Source "ChessBase"]
[SourceDate "2022.10.05"]
[SourceVersion "1"]
[SourceVersionDate "2022.10.05"]
[SourceQuality "1"]

1. d4 d5 2. Nf3 Nf6 3. c4 c6 4. Nc3 e6 5. Bg5 dxc4 6. e4 b5 7. e5 h6 8. Bh4 g5 9. Nxg5 hxg5 10. Bxg5 Nbd7 11. exf6 Bb7 12. g3 Qb6 13. Bg2 0-0-0 14. 0-0 c5 15. d5 b4 16. Na4 Qb5 17. a3 Nb6 18. axb4 cxb4 19. Nxb6+ Qxb6 20. Qg4 Bxd5 21. Bxd5 Rxd5 22. Be3 Bc5 23. Qxc4 Kb7 24. Bxc5 Rxc5 25. Qe4+ Kb8 26. Rad1 Rhc8 27. Rd7 R8c7 28. Re7 a5 29. Rd1 Qc6 30. Rd8+ Kb7 31. Qxc6+ Kxc6 32. Rf8 Rf5 33. Rxc7+ Kxc7 34. Rxf7+ Kb6 35. Rf8 a4 36. f7 b3 37. Rb8+ Kc7 38. f8Q Rxf8 39. Rxf8 a3 40. Rf3 1-0

[Event "UKR-ch sf U20"]
[Site "Lvov"]
[Date "2006.12.16"]
[Round "1"]
[White "Kurochkin, Valery"]
[Black "Grekh, Andrey"]
[Result "1-0"]
[WhiteElo "2089"]
[BlackElo "2370"]
[PlyCount "65"]
[EventDate "2006.12.16"]
[EventType "swiss"]
[EventRounds "9"]
[EventCountry "UKR"]
[SourceTitle "EXT 2023"]
[Source "ChessBase"]
[SourceDate "2022.10.05"]
[SourceVersion "1"]
[SourceVersionDate "2022.10.05"]
[SourceQuality "1"]

1. d4 Nf6 2. Nf3 e6 3. c4 b6 4. a3 Ba6 5. Qc2 Be7 6. e4 0-0 7. e5 Ne8 8. Bd3 f5 9. d5 Bb7 10. Nc3 d6 11. Nd4 Bc8 12. f4 dxe5 13. fxe5 Bc5 14. Nf3 b5 15. Bg5 Be7 16. Bxe7 Qxe7 17. 0-0-0 bxc4 18. Bxc4 Nd7 19. dxe6 Nb6 20. Nd5 Nxd5 21. Bxd5 Rb8 22. Nd4 Bb7 23. Nc6 Bxc6 24. Qxc6 Kh8 25. Ba2 Rb6 26. Qc2 Rb5 27. Qe2 Qc5+ 28. Kb1 f4 29. Rd8 c6 30. Rc1 Qe7 31. Rd7 Qg5 32. e7 Rf5 33. Qc4 1-0

[Event "UKR-ch sf"]
[Site "Alushta"]
[Date "2006.05.17"]
[Round "5"]
[White "Kurochkin, Valery"]
[Black "Viliavin, Roman"]
[Result "1/2-1/2"]
[WhiteElo "2078"]
[BlackElo "2279"]
[PlyCount "158"]
[EventDate "2006.05.13"]
[EventType "swiss"]
[EventRounds "9"]
[EventCountry "UKR"]
[SourceTitle "CBM 112 Extra"]
[Source "ChessBase"]
[SourceDate "2006.07.14"]
[SourceVersion "1"]
[SourceVersionDate "2006.07.14"]
[SourceQuality "1"]

1. d4 d5 2. Nf3 Nf6 3. c4 dxc4 4. e3 Bg4 5. Bxc4 e6 6. 0-0 a6 7. Nc3 c5 8. h3 Bh5 9. g4 Bg6 10. dxc5 Qxd1 11. Rxd1 Bxc5 12. Ne5 Nbd7 13. Nxg6 hxg6 14. Bf1 0-0-0 15. b3 Ne5 16. Bb2 Nf3+ 17. Kg2 Nh4+ 18. Kh1 Bd6 19. g5 Ng4 20. Ne4 Be5 21. Bxe5 Nxe5 22. f4 Nc6 23. Kg1 Nf5 24. Kf2 Kc7 25. Rac1 Rxd1 26. Rxd1 Rd8 27. Rxd8 Nxd8 28. Nc5 Kd6 29. b4 Ne7 30. Bd3 Nec6 31. a3 a5 32. Ne4+ Kc7 33. bxa5 Nxa5 34. Bb5 b6 35. Be8 Nac6 36. Ke2 Ne7 37. Nc3 Kd6 38. Nb5+ Kc5 39. Kd3 Nec6 40. Nc3 e5 41. Ke4 exf4 42. exf4 Kc4 43. Nd5 b5 44. Nc7 b4 45. Bxc6 Nxc6 46. axb4 Nxb4 47. Ne8 Kc5 48. Nxg7 Kd6 49. Ne8+ Ke7 50. Nc7 Nc6 51. Kd5 Nb4+ 52. Kc4 Nc2 53. Nb5 Ne3+ 54. Kd3 Ng2 55. Ke4 f6 56. Nd4 fxg5 57. fxg5 Ne1 58. Nf3 Ng2 59. Ne5 Nh4 60. Nc4 Nf5 61. Ne3 Nd6+ 62. Kd5 Nf7 63. h4 Nd6 64. Ke5 Nf7+ 65. Kf4 Nd6 66. Ke5 Nf7+ 67. Kf4 Nd6 68. Ng2 Ke6 69. Ne1 Nf5 70. Nf3 Ne7 71. Ne5 Nd5+ 72. Ke4 Nc3+ 73. Kd4 Ne2+ 74. Ke4 Nc3+ 75. Kd4 Ne2+ 76. Ke3 Kxe5 77. Kxe2 Kf4 78. h5 Kxg5 79. hxg6 Kxg6 1/2-1/2

[Event "Kharkov Caissa op"]
[Site "Kharkov"]
[Date "2002.01.25"]
[Round "4"]
[White "Kurochkin, Valery"]
[Black "Istratov, Timur"]
[Result "1/2-1/2"]
[WhiteElo "2154"]
[BlackElo "2075"]
[PlyCount "44"]
[EventDate "2002.01.22"]
[EventType "swiss"]
[EventRounds "9"]
[EventCountry "UKR"]
[SourceTitle "CBM 086 Extra"]
[Source "ChessBase"]
[SourceDate "2002.03.14"]
[SourceVersion "1"]
[SourceVersionDate "2002.03.14"]
[SourceQuality "1"]

1. d4 d5 2. Nf3 Nf6 3. c4 e6 4. Nc3 Nbd7 5. Bg5 Be7 6. e3 0-0 7. Bd3 h6 8. Bh4 a6 9. 0-0 dxc4 10. Bxc4 b5 11. Bb3 Bb7 12. Qe2 c5 13. a3 Qb6 14. Rad1 Rac8 15. Ne5 Rfe8 16. f4 Nxe5 17. dxe5 Ne4 18. Nxe4 Bxe4 19. Bxe7 Rxe7 20. Rd6 Qa7 21. Bc2 Bxc2 22. Qxc2 c4 1/2-1/2